Online
Catalog

La vigencia de Juan Bosch : (Record no. 52372)

MARC details
000 -CABECERA
campo de control de longitud fija 02154nam a22002657a 4500
003 - IDENTIFICADOR DEL NÚMERO DE CONTROL
campo de control DO-SdBNP
005 - FECHA Y HORA DE LA ÚLTIMA TRANSACCIÓN
campo de control 20260321073645.0
007 - CAMPO FIJO DE DESCRIPCIÓN FÍSICA--INFORMACIÓN GENERAL
campo de control de longitud fija ta
008 - DATOS DE LONGITUD FIJA--INFORMACIÓN GENERAL
campo de control de longitud fija 220909b2012 dr a ||| |||| 00| 0 spa d
020 ## - NÚMERO INTERNACIONAL ESTÁNDAR DEL LIBRO
Número Internacional Estándar del Libro 9789945857849
040 ## - FUENTE DE LA CATALOGACIÓN
Centro catalogador/agencia de origen DO-SdBNP
Lengua de catalogación spa
Centro/agencia transcriptor BNPHU
082 #4 - NÚMERO DE LA CLASIFICACIÓN DECIMAL DEWEY
Número de edición 22
245 13 - MENCIÓN DE TÍTULO
Título La vigencia de Juan Bosch :
Resto del título "democracia verdadera" y cambio social en la mirada latinoamericana /
Mención de responsabilidad, etc. editora Irene Hernández ; prólogo Juan Bosch
260 ## - PUBLICACIÓN, DISTRIBUCIÓN, ETC.
Lugar de publicación, distribución, etc. Santo Domingo :
Nombre del editor, distribuidor, etc. Fundación Juan Bosch,
Fecha de publicación, distribución, etc. 2012.
300 ## - DESCRIPCIÓN FÍSICA
Extensión 289 p. :
Otras características físicas ilustraciones ;
Dimensiones 23 cm.
490 1# - MENCIÓN DE SERIE
Mención de serie Bosch Vive ;
Designación de volumen o secuencia 3
500 ## - NOTA GENERAL
Nota general Incluye referencias bibliográficas y notas al pie de las páginas.
505 ## - NOTA DE CONTENIDO CON FORMATO
Nota de contenido con formato Prólogo --
Título El intelectual latinoamericano y la idea de la Patria Grande --
Mención de responsabilidad Luis Bocaz /
Título No hay democracia posible bajo el capitalismo --
Mención de responsabilidad Atilio Boron /
Título Nuevas formas de democracia, nuevas formas de ciudadanía --
Mención de responsabilidad Ángel Vilarini Jusino /
Título Democracia, educación y legalidad en el pensamientode Juan Bosch --
Mención de responsabilidad Pablo Maríñez /
Título Juan Bosch y el régimen político de la democracia --
Mención de responsabilidad Rafael Julián /
Título El cambio social y la democracia vistos por Juan Bosch --
Mención de responsabilidad Justo Pedro Castellano /
Título Cambio social y procesos de participación popular --
Mención de responsabilidad Héctor Díaz Polanco /
Título Estado nacional y nueva democracia en América Latina --
Mención de responsabilidad Jorge Núñez /
Título Honduras. Arte y cultura en resistencia --
Mención de responsabilidad Natalie Roque Sandoval /
Título Los cambios de la economía venezolana en el marco de laRevolución Bolivariana, desde una visión de género --
Mención de responsabilidad Nora Casteñeda /
Título Estrategias de poder y coaliciones hegemónicasen la postdictadura de los años 90 --
Mención de responsabilidad Hiber Conteris /
Título Libia: Pensamiento imperial y democracia global --
Mención de responsabilidad Eliades Acosta Matos /
Título El “cambio-de-época” actual y la construcción social del tiempo:La creciente crisis del trabajo humano en su articulacióncompleja con los tres “plastos” de la historia --
Mención de responsabilidad Pedro L. Sotolongo--
590 ## - NOTA LOCAL (RLIN)
Nota local Inventariado, 2022 /LP<br/><br/>
700 1# - PUNTO DE ACCESO ADICIONAL--NOMBRE DE PERSONA
Nombre de persona Hernández, Irene,
Término indicativo de función/relación editor
9 (RLIN) 73475
700 1# - PUNTO DE ACCESO ADICIONAL--NOMBRE DE PERSONA
Nombre de persona Bosch, Juan,
Fechas asociadas al nombre 1909-2001
Término indicativo de función/relación prologuista
9 (RLIN) 76555
830 #0 - PUNTO DE ACCESO ADICIONAL DE SERIE-TÍTULO UNIFORME
Título uniforme Bosch Vive ;
Número de parte o sección de la obra 3
9 (RLIN) 82336
910 ## - DATOS DE OPCIÓN DEL USUARIO (OCLC)
Datos de opción del usuario Lopérez
942 ## - ELEMENTOS DE PUNTO DE ACCESO ADICIONAL (KOHA)
Fuente del sistema de clasificación o colocación Dewey Decimal Classification
Tipo de ítem Koha Libro
Holdings
Estado de retiro Estado de pérdida Fuente del sistema de clasificación o colocación Restricciones de uso No para préstamo Código de colección Localización permanente Ubicación/localización actual Ubicación en estantería Fecha de adquisición Total de préstamos Código de barras Fecha visto por última vez Precio válido a partir de Tipo de ítem Koha
    Dewey Decimal Classification Excluido de préstamo   Patrimonio Dominicano Biblioteca Nacional Pedro Henríquez Ureña Biblioteca Nacional Pedro Henríquez Ureña En catalogación 09.09.2022   2022-3901 09.09.2022 09.09.2022 Libro

Powered by Koha